Itens do Festival de Parintins - Quiz - Statistics

Estatísticas Gerais
  • Esse quiz foi jogado 8 vezes
  • A pontuação média é 14 de 21
Estatísticas das Respostas
Dica Resposta % Correto
Item 1 Apresentador
100%
Item 9 Cunhã-poranga
100%
Item 6 Amo do boi
80%
Item 10 Boi-bumbá
80%
Item 19 Galera
80%
Item 12 Pajé
80%
Item 5 Porta-estandarte
80%
Item 8 Rainha do folclore
80%
Item 7 Sinhazinha da fazenda
80%
Item 11 Toada
80%
Item 16 Alegorias
60%
Item 20 Coreografia
60%
Item 15 Figura típica regional
60%
Item 17 Lenda Amazônica
60%
Item 2 Levantador de toadas
60%
Item 21 Organização do conjunto folclórico
60%
Item 4 Ritual indígena
60%
Item 18 Vaqueirada
60%
Item 13 Povos Indígenas
40%
Item 14 Tuxauas
40%
Item 3 Marujada de guerra
20%
Nenhum quiz correspondente encontrado
Distribuição das Pontuações
Porcentagem de Pessoas com Cada Pontuação
Percentil de Números Respondidos
Sua Pontuação Histórica
Você não jogou esse quiz